African Groups of Things - Statistics

General Stats
  • This quiz has been taken 753 times
  • The average score is 31 of 44
Answer Stats
Group Answer % Correct
Countries Bordering the Red Sea Egypt
96%
Longest Rivers Nile
96%
Island Nations Madagascar
94%
Largest Lakes by Area Lake Victoria
93%
Island Nations Seychelles
93%
Island Nations Cape Verde
92%
Tallest Mountains Mount Kilimanjaro
92%
"Big Five" African Game Animals Lion
91%
Island Nations São Tomé and Príncipe
91%
Island Nations Comoros
90%
Top South African Languages English
90%
Countries Bordering the Red Sea Eritrea
90%
Island Nations Mauritius
90%
Longest Rivers Congo
89%
Countries Bordering the Red Sea Djibouti
89%
Capitals on the Mediterranean Tunis
89%
Countries Bordering the Red Sea Sudan
88%
"Big Five" African Game Animals Elephant
87%
Most Populous Moroccan Cities Casablanca
86%
Top South African Languages Afrikaans
85%
Capitals on the Mediterranean Algiers
84%
Longest Rivers Niger
81%
Capitals on the Mediterranean Tripoli
80%
"Big Five" African Game Animals Rhinoceros
76%
Top South African Languages Zulu
75%
Most Populous Moroccan Cities Fez
71%
Tallest Mountains Mount Kenya
69%
Most Populous Moroccan Cities Marrakesh
67%
Longest Rivers Zambezi
62%
Top South African Languages Xhosa
61%
Top Nigerian Languages Igbo
59%
Largest Lakes by Area Lake Malawi
55%
Largest Lakes by Area Lake Tanganyika
53%
"Big Five" African Game Animals Leopard
53%
Top Nigerian Languages Yoruba
49%
Spanish Cities in Mainland Africa Ceuta
46%
"Big Five" African Game Animals Cape Buffalo
44%
Most Populous Moroccan Cities Tangier
43%
Spanish Cities in Mainland Africa Melilla
36%
Top Nigerian Languages Hausa
35%
Tallest Mountains Mount Stanley
32%
Top Nigerian Languages Fula
11%
Top South African Languages Northern Sotho
11%
Largest Lakes by Area Lake Turkana
8%
No matching quizzes found
Score Distribution
Percent of People with Each Score
Percentile by Number Answered
Your Score History
You have not taken this quiz